00856nam a2200265Ia 450000500170000000800410001702000150005810000280007324500880010125000190018930000420020849000210025065000370027165000220030865000390033070000270036994200150039626400300041133600270044133700330046833800280050104000350052908400110056499900150057520220317001245.0160825s1994 ck a g 000 0 spa  a95807009151 aQuintero, María Elena10aPolla Pochola diseñadoracMaría Elena Quintero ; ilustración Maribel Suárez a1a. edición  a16 páginas bilustraciones c21 cm  aBolita de plumas142LEMBaPoesía en la literatura 142LEMBaLiteratura 142LEMB aAventuras en la literatura 1 aSuarez, Maribel968320 2loccBKLIT aMedellínbSusaetac1994 atextobtxt2rdacontent asin mediaciónbn2rdamedia avolumenbnc2rdacarrier aCO-BoRNBPbspaerdacCO-BoRNBP aP QUI4 c6410d6410